000 00366nam a22001337a 4500
003 SGT
020 _a8186547002
082 _a891.4309
_bA95N
100 _aनाग, राजीव रंजन
245 _aआंदोलन की त्रासदी : 1974
260 _bमीडिया प्रकाशन
_c1995
300 _a232
942 _2ddc
_cBK
999 _c30177
_d30177